000 01181cam a2200301 i 4500
001 16824390
003 OSt
005 20210813123113.0
008 110613s2011 nyua b 000 1 eng
010 _a 2011931865
020 _a9781441996916 (alk. paper)
038 _akhadija
040 _aDLC
_beng
_cDLC
_erda
_dDLC
042 _apcc
050 0 0 _aTK7874.66
_bS53 2011
082 0 0 _a004.016
_223
_bSHA
100 1 _aShafique, Muhammad.
_981533
245 1 0 _aHardware/software architectures for low-power embedded multimedia systems /
_cMuhammad Shafique, Jörg Henkel.
300 _axxi, 223 pages :
_billustrations ;
_c24 cm
504 _aIncludes bibliographic references (pages 211-220) and index.
563 _ahard cover
650 0 _aLow voltage integrated circuits.
_981534
650 0 _aEmbedded computer systems
_xDesign and construction.
_981535
700 1 _aHenkel, J.
_q(Jörg)
_981536
906 _a7
_bcbc
_corigres
_d2
_encip
_f20
_gy-gencatlg
942 _2ddc
_cBK
999 _c32950
_d32950